[Event "Mercredi 2016.02.17 ABCD"]
[Site "Montreal CAN"]
[Date "2016.02.24"]
[Round "2"]
[White "Nesterov, Timour"]
[Black "Baran, Marius"]
[Result "1-0"]
[WhiteElo "1715"]
[BlackElo "1719"]
[PlyCount "88"]
[EventDate "2016.02.17"]
[EventType "tourn"]
[EventRounds "5"]
[EventCountry "CAN"]

1. e4 e5 2. Nf3 Nf6 3. Nc3 Nc6 4. Bb5 Nd4 5. Nxd4 exd4 6. Ne2 Bc5 7. d3 c6 8.
Bc4 d5 9. exd5 Nxd5 10. h3 O-O 11. O-O Be6 12. Ng3 Bd6 13. Ne4 b5 14. Bb3 a5
15. a3 Rc8 16. Ng5 Bf5 17. Qf3 Qd7 18. Re1 h6 19. Ne4 Bb8 20. Nc5 Qd6 21. Qxf5
Qxc5 22. a4 Qd6 23. g3 Rce8 24. Bd2 b4 25. Qg4 Kh7 26. Qxd4 Qd7 27. Qg4 f5 28.
Qf3 f4 29. g4 Ne7 30. Be6 Qd6 31. Re4 Nd5 32. Bf5+ g6 33. Rxe8 Rxe8 34. Be4 Rf8
35. Re1 Rf7 36. Kg2 Rd7 37. Qe2 Re7 38. c4 f3+ 39. Qxf3 Qh2+ 40. Kf1 Kg7 41.
cxd5 Rf7 42. Bxh6+ Kg8 43. Qg2 Qd6 44. dxc6 Qd4 1-0

[Event "Mercredi 2016.02.17 ABCD"]
[Site "Montreal CAN"]
[Date "2016.02.24"]
[Round "2"]
[White "Struben, Jeroen"]
[Black "Langlois-Remillard, Alexis"]
[Result "0-1"]
[WhiteElo "1828"]
[BlackElo "1891"]
[PlyCount "60"]
[EventDate "2016.02.17"]
[EventType "tourn"]
[EventRounds "5"]
[EventCountry "CAN"]

1. d4 e6 2. c4 b6 3. Nf3 Bb7 4. g3 Nf6 5. Bg2 Be7 6. O-O O-O 7. Nc3 d5 8. cxd5
Nxd5 9. Qc2 Nb4 10. Qb1 f5 11. Rd1 c5 12. dxc5 Qxd1+ 13. Nxd1 Be4 14. Qxe4 fxe4
15. Ng5 Bxg5 16. Bxg5 N8c6 17. cxb6 axb6 18. Nc3 Nd5 19. Bxe4 Nxc3 20. bxc3
Rac8 21. Rb1 h6 22. Bf4 g5 23. Be3 Ne5 24. Bb7 Rxc3 25. Bd4 Rc7 26. Rxb6 Nc4
27. Rb4 Rb8 28. Ra4 Rbxb7 29. Ra8+ Kf7 30. Rh8 e5 0-1

[Event "Mercredi 2016.02.17 ABCD"]
[Site "Montreal CAN"]
[Date "2016.03.02"]
[Round "3"]
[White "Baran, Marius"]
[Black "Jean, Robert"]
[Result "1-0"]
[WhiteElo "1719"]
[BlackElo "1715"]
[PlyCount "81"]
[EventDate "2016.02.17"]
[EventType "tourn"]
[EventRounds "5"]
[EventCountry "CAN"]

1. e4 c5 2. Nf3 Nc6 3. d4 cxd4 4. Nxd4 Nf6 5. Nxc6 bxc6 6. Nc3 e5 7. Bc4 Bb4 8.
O-O Bxc3 9. bxc3 O-O 10. Re1 h6 11. Ba3 Re8 12. Bd6 Qa5 13. Qd3 a6 14. Rab1 Nh7
15. Bb4 Qd8 16. Bd6 a5 17. a4 Qf6 18. Re3 Ng5 19. h4 Ne6 20. g3 Nd8 21. Rf3 Qg6
22. Rf5 Kh7 23. Rxe5 Ne6 24. Kh2 f6 25. Rf5 Qf7 26. Bc7 d5 27. exd5 Nc5 28.
Rxf6+ Nxd3 29. Rxf7 Nc5 30. dxc6 Nxa4 31. Ra1 Nxc3 32. Rxa5 Rxa5 33. Bxa5 Ne4
34. Bd3 Kg8 35. Rf4 Nf6 36. Rd4 Ng4+ 37. Kg2 Ne5 38. Be4 Kf7 39. Rd8 Ke7 40.
Rxe8+ Kxe8 41. Bc3 1-0

[Event "Mercredi 2016.02.17 ABCD"]
[Site "Montreal CAN"]
[Date "2016.03.02"]
[Round "3"]
[White "Blanchet, Robert"]
[Black "Nardone, Raul"]
[Result "1-0"]
[WhiteElo "1805"]
[BlackElo "1815"]
[PlyCount "63"]
[EventDate "2016.02.17"]
[EventType "tourn"]
[EventRounds "5"]
[EventCountry "CAN"]

1. e4 c5 2. Nf3 a6 3. d4 cxd4 4. Nxd4 Nf6 5. Nc3 e5 6. Nb3 Bb4 7. Bc4 Qc7 8.
Bd5 Nxd5 9. exd5 Bxc3+ 10. bxc3 d6 11. Qd3 O-O 12. O-O b5 13. f4 Nd7 14. Ba3
Bb7 15. Rad1 Qb6+ 16. Kh1 Rac8 17. Qf5 Qc7 18. Bb4 g6 19. Qg5 f6 20. Qh4 Rce8
21. Ba5 Qc4 22. Nd2 Qxd5 23. Nf3 Qc6 24. Qh3 Nc5 25. fxe5 dxe5 26. Bb4 Rf7 27.
Bxc5 Qxc5 28. Ng5 Bc8 29. Qh6 Rg7 30. Ne4 Qc6 31. Nxf6+ Kh8 32. Nxh7 1-0

[Event "Mercredi 2016.02.17 ABCD"]
[Site "Montreal CAN"]
[Date "2016.03.02"]
[Round "3"]
[White "Boudreau, Daniel"]
[Black "Jacquet, Stephane"]
[Result "1-0"]
[WhiteElo "2119"]
[BlackElo "2060"]
[PlyCount "59"]
[EventDate "2016.02.17"]
[EventType "tourn"]
[EventRounds "5"]
[EventCountry "CAN"]

1. e4 d6 2. d4 Nf6 3. Nc3 g6 4. f4 Bg7 5. Nf3 O-O 6. Be3 Bg4 7. h3 Bxf3 8. Qxf3
e5 9. dxe5 dxe5 10. Rd1 Qe7 11. f5 Qb4 12. Bd2 Nc6 13. Bd3 Nd4 14. Qf2 gxf5 15.
exf5 e4 16. Nxe4 Nxe4 17. Bxb4 Nxf2 18. Kxf2 Rfe8 19. Bc3 c5 20. Rhe1 b5 21. g4
Bf6 22. Kg2 b4 23. Bd2 Bh4 24. Rxe8+ Rxe8 25. c3 Ne2 26. Kf3 bxc3 27. bxc3 Ng3
28. Bf4 c4 29. Bxc4 Ne4 30. Rd7 1-0

[Event "Mercredi 2016.02.17 ABCD"]
[Site "Montreal CAN"]
[Date "2016.03.02"]
[Round "3"]
[White "Brassard, Sylvain"]
[Black "Millette, Sylvain"]
[Result "1-0"]
[WhiteElo "1814"]
[BlackElo "1776"]
[PlyCount "43"]
[EventDate "2016.02.17"]
[EventType "tourn"]
[EventRounds "5"]
[EventCountry "CAN"]

1. d4 Nf6 2. Bg5 g6 3. Bxf6 exf6 4. e3 d5 5. g3 Bg7 6. Nh3 Bxh3 7. Bxh3 Qe7 8.
Bg2 Qb4+ 9. Nd2 c6 10. O-O f5 11. a3 Qd6 12. c4 dxc4 13. Nxc4 Qe6 14. Na5 b6
15. Nxc6 Nxc6 16. d5 Qd6 17. dxc6 Qxd1 18. Raxd1 Bxb2 19. Rd7 O-O 20. Rfd1 Bxa3
21. c7 Rac8 22. Bb7 1-0

[Event "Mercredi 2016.02.17 ABCD"]
[Site "Montreal CAN"]
[Date "2016.03.02"]
[Round "3"]
[White "Dumouchel, Alain"]
[Black "Nesterov, Timour"]
[Result "0-1"]
[WhiteElo "1769"]
[BlackElo "1715"]
[PlyCount "40"]
[EventDate "2016.02.17"]
[EventType "tourn"]
[EventRounds "5"]
[EventCountry "CAN"]

1. e4 e5 2. Nf3 Nc6 3. Bc4 Bc5 4. d3 d6 5. c3 a6 6. Bb3 h6 7. Nbd2 Nge7 8. Nf1
Ng6 9. Be3 O-O 10. g4 Bxg4 11. Rg1 Qd7 12. Bxc5 dxc5 13. Ne3 Be6 14. Nd5 Na5
15. Rxg6 fxg6 16. Nxe5 Qd6 17. Nxg6 Nxb3 18. Nde7+ Kh7 19. e5 Qd7 20. axb3 Rf7
0-1

[Event "Mercredi 2016.02.17 ABCD"]
[Site "Montreal CAN"]
[Date "2016.03.02"]
[Round "3"]
[White "Gauthier, Luc"]
[Black "Gates, Claude-Eric"]
[Result "0-1"]
[WhiteElo "1759"]
[BlackElo "1772"]
[PlyCount "104"]
[EventDate "2016.02.17"]
[EventType "tourn"]
[EventRounds "5"]
[EventCountry "CAN"]

1. e4 c5 2. Nc3 Nc6 3. f4 g6 4. Nf3 Bg7 5. Bb5 Nd4 6. O-O Nxb5 7. Nxb5 a6 8.
Nc3 e6 9. d3 Ne7 10. Be3 Qc7 11. Qd2 d5 12. exd5 exd5 13. Bf2 O-O 14. Rae1 d4
15. Ne4 Nd5 16. Bg3 Ne3 17. Rxe3 dxe3 18. Qxe3 Bf5 19. Qxc5 Qxc5+ 20. Nxc5 Rac8
21. Bf2 b6 22. Nxa6 Rxc2 23. Bxb6 Bxd3 24. Nb4 Rxb2 25. Nxd3 Rxb6 26. Nde5 Ra8
27. Rd1 Bxe5 28. Nxe5 Ra7 29. Rd2 Rba6 30. g3 Rxa2 31. Rxa2 Rxa2 32. Nd3 f6 33.
Nf2 Kf7 34. Kg2 Ke6 35. Kf3 h5 36. h4 Ra3+ 37. Kg2 Kd5 38. g4 Ke6 39. gxh5 gxh5
40. Ne4 Kf5 41. Ng3+ Rxg3+ 42. Kxg3 Ke4 43. f5 Kxf5 44. Kf3 Ke5 45. Ke3 f5 46.
Kf3 f4 47. Kf2 Ke4 48. Ke2 f3+ 49. Kf2 Kf4 50. Kf1 Kg3 51. Kg1 Kxh4 52. Kf2 Kg4
0-1

[Event "Mercredi 2016.02.17 ABCD"]
[Site "Montreal CAN"]
[Date "2016.03.02"]
[Round "3"]
[White "Langlois-Remillard, Alexis"]
[Black "Cloutier, Mathieu"]
[Result "0-1"]
[WhiteElo "1891"]
[BlackElo "2056"]
[PlyCount "146"]
[EventDate "2016.02.17"]
[EventType "tourn"]
[EventRounds "5"]
[EventCountry "CAN"]

1. b3 e5 2. Bb2 Nc6 3. e3 d5 4. Bb5 Nge7 5. Bxe5 a6 6. Bxc6+ Nxc6 7. Bb2 Qg5 8.
Nf3 Qxg2 9. Rg1 Qh3 10. Bxg7 Bxg7 11. Rxg7 Bg4 12. Ng1 Bxd1 13. Nxh3 Bxc2 14.
Rg5 O-O-O 15. Na3 Be4 16. Ke2 f6 17. Rg7 Ne5 18. f4 Bd3+ 19. Kf2 Ng6 20. Rc1 c6
21. Nc2 Rhg8 22. Rf7 Nh4 23. Ne1 Bf5 24. Ng1 Rg6 25. Ngf3 Nxf3 26. Nxf3 Rh6 27.
Nd4 Bd7 28. Nf3 Rg8 29. Rg1 Rxg1 30. Kxg1 Bg4 31. Ne1 Bf5 32. Nf3 Be4 33. Nd4
c5 34. Ne6 b6 35. Rc7+ Kb8 36. Rg7 Rg6+ 37. Kf2 Bf5 38. Re7 Be4 39. Rg7 Rxg7
40. Nxg7 Bb1 41. a3 Bc2 42. b4 cxb4 43. axb4 a5 44. bxa5 bxa5 45. Ne6 a4 46.
Nd4 Bd3 47. Ke1 Kc7 48. Kd1 Kd6 49. Kc1 a3 50. Nc2 a2 51. Na1 Bb1 52. Kb2 h5
53. Nb3 Ke6 54. Nd4+ Kf7 55. h4 Ke7 56. Nc6+ Kd6 57. Nd4 Kc5 58. Ne6+ Kc4 59.
Ng7 Bg6 60. f5 Bf7 61. e4 dxe4 62. Ne6 Kd5 63. Nd8 Bg8 64. Nb7 Ke5 65. Nc5 Kxf5
66. Nd7 Be6 67. Nc5 Bd5 68. Nd7 Bc6 69. Nc5 Kg4 70. Kxa2 Kxh4 71. Kb2 Kg3 72.
Ne6 Bd7 73. Nd4 Bg4 0-1

[Event "Mercredi 2016.02.17 ABCD"]
[Site "Montreal CAN"]
[Date "2016.03.04"]
[Round "3"]
[White "Lopez Linares, Lizandro"]
[Black "Gelet, Seymour"]
[Result "1/2-1/2"]
[WhiteElo "2218"]
[BlackElo "2066"]
[PlyCount "43"]
[EventDate "2016.02.17"]
[EventType "tourn"]
[EventRounds "5"]
[EventCountry "CAN"]

1. d4 d5 2. c4 e6 3. cxd5 exd5 4. Nc3 Nf6 5. Bg5 Be7 6. Qc2 O-O 7. e3 Nbd7 8.
Bd3 c6 9. Nf3 Re8 10. O-O Nf8 11. h3 g6 12. Rab1 Ne6 13. Bh6 Ng7 14. Bxg7 Kxg7
15. b4 a6 16. a4 Qd6 17. Rfc1 Be6 18. b5 axb5 19. axb5 c5 20. dxc5 Qxc5 21. Nd4
Rec8 22. Qd2 1/2-1/2

[Event "Mercredi 2016.02.17 ABCD"]
[Site "Montreal CAN"]
[Date "2016.03.02"]
[Round "3"]
[White "Nunez, Omar"]
[Black "Beaulieu, Pierre"]
[Result "1-0"]
[WhiteElo "1945"]
[BlackElo "1816"]
[PlyCount "97"]
[EventDate "2016.02.17"]
[EventType "tourn"]
[EventRounds "5"]
[EventCountry "CAN"]

1. Nf3 b6 2. d4 Bb7 3. Bf4 Nf6 4. e3 e6 5. h3 Be7 6. Nbd2 d6 7. Bd3 Na6 8. c3
h6 9. Bxa6 Bxa6 10. Qa4+ Qd7 11. Qxa6 Nd5 12. Qe2 Qa4 13. Bh2 O-O 14. e4 Nf6
15. O-O Qc2 16. Rab1 c5 17. Rfe1 Qa4 18. e5 dxe5 19. dxc5 Qxa2 20. Bxe5 bxc5
21. Bxf6 Bxf6 22. Qc4 Qa5 23. Ne4 Be7 24. Ne5 Qc7 25. Ng3 Bd6 26. f4 Rfe8 27.
Ne4 Bf8 28. Qf1 a5 29. Nc4 f5 30. Ned2 Rad8 31. Rbd1 Qb8 32. Re5 Rd5 33. Rde1
Red8 34. Qf2 Rxe5 35. Rxe5 Kf7 36. Qe2 Qc8 37. Qf3 g6 38. Re2 Bg7 39. Qf2 a4
40. Ne5+ Bxe5 41. Rxe5 Qd7 42. Nc4 Qd3 43. Rxc5 Qb1+ 44. Kh2 Rd1 45. Rc7+ Kf8
46. Qc5+ Kg8 47. Rc8+ Kf7 48. Ne5+ Kf6 49. Qf8# 1-0

[Event "Mercredi 2016.02.17 ABCD"]
[Site "Montreal CAN"]
[Date "2016.03.02"]
[Round "3"]
[White "Tremblay, Alain"]
[Black "Lopez Linares, Lizandro"]
[Result "1/2-1/2"]
[WhiteElo "2177"]
[BlackElo "2218"]
[PlyCount "38"]
[EventDate "2016.02.17"]
[EventType "tourn"]
[EventRounds "5"]
[EventCountry "CAN"]

1. c4 e6 2. g3 d5 3. Bg2 Nf6 4. Nf3 Be7 5. O-O O-O 6. d4 b6 7. cxd5 exd5 8. Nc3
Bb7 9. Bf4 Nh5 10. Bc1 Bd6 11. Ne5 Nf6 12. Bg5 Be7 13. Rc1 a6 14. e3 b5 15. Qb3
c6 16. Na4 Nfd7 17. Bxe7 Qxe7 18. Nd3 Bc8 19. Nac5 Nb6 1/2-1/2

[Event "Mercredi 2016.02.17 ABCD"]
[Site "Montreal CAN"]
[Date "2016.03.09"]
[Round "4"]
[White "Beaulieu, Pierre"]
[Black "Struben, Jeroen"]
[Result "1-0"]
[WhiteElo "1816"]
[BlackElo "1828"]
[PlyCount "77"]
[EventDate "2016.02.17"]
[EventType "tourn"]
[EventRounds "5"]
[EventCountry "CAN"]

1. b3 e5 2. Bb2 Nc6 3. e3 Nf6 4. Bb5 Bd6 5. Na3 Na5 6. Nf3 a6 7. Be2 Qe7 8. Nb1
O-O 9. c4 Nc6 10. Nc3 e4 11. Nh4 Ba3 12. Bxa3 Qxa3 13. g4 Qa5 14. Ng2 Ne5 15.
g5 Nd3+ 16. Bxd3 Qxg5 17. Bf1 d5 18. h4 Qe5 19. Nxd5 Nxd5 20. cxd5 Bg4 21. Be2
Bf3 22. Bxf3 exf3 23. Nf4 Rfe8 24. Kf1 h6 25. d4 Qf6 26. Qxf3 c5 27. Rd1 cxd4
28. Rxd4 Rac8 29. Qg3 Re5 30. d6 Rf5 31. d7 Rd8 32. Kg2 Qc6+ 33. Qf3 Qf6 34.
Rd5 g5 35. hxg5 hxg5 36. Rxf5 Qxf5 37. Nh5 Qg6 38. Nf6+ Kg7 39. Rh7+ 1-0

[Event "Mercredi 2016.02.17 ABCD"]
[Site "Montreal CAN"]
[Date "2016.03.09"]
[Round "4"]
[White "Brassard, Sylvain"]
[Black "Blanchet, Robert"]
[Result "1-0"]
[WhiteElo "1814"]
[BlackElo "1805"]
[PlyCount "87"]
[EventDate "2016.02.17"]
[EventType "tourn"]
[EventRounds "5"]
[EventCountry "CAN"]

1. d4 Nf6 2. Bg5 Ne4 3. Bf4 g5 4. Be5 Nf6 5. Bxf6 exf6 6. e3 d5 7. Nc3 Be6 8.
Bd3 Bb4 9. Nge2 f5 10. a3 Bd6 11. Qd2 a6 12. Ng3 Qf6 13. Nge2 Nd7 14. h3 h5 15.
f3 O-O-O 16. O-O-O Kb8 17. Kb1 Nb6 18. e4 Qg6 19. e5 Be7 20. g4 h4 21. b4 Nc4
22. Qc1 f6 23. f4 a5 24. Na2 fxe5 25. fxe5 Rhf8 26. Rde1 Bc8 27. c3 axb4 28.
axb4 Qa6 29. Bxc4 Qxc4 30. Qd2 fxg4 31. hxg4 Bxg4 32. Nac1 Bf5+ 33. Kb2 b6 34.
Nb3 Kb7 35. Qe3 Ra8 36. Ra1 Rxa1 37. Rxa1 Bg4 38. Ng1 Rf1 39. Nd2 Rxg1 40. Nxc4
Rg2+ 41. Nd2 Re2 42. Qd3 Rg2 43. Qa6+ Kc6 44. Qa8+ 1-0

[Event "Mercredi 2016.02.17 ABCD"]
[Site "Montreal CAN"]
[Date "2016.03.09"]
[Round "4"]
[White "Cloutier, Mathieu"]
[Black "Barko, Maxim"]
[Result "1-0"]
[WhiteElo "2056"]
[BlackElo "1839"]
[PlyCount "77"]
[EventDate "2016.02.17"]
[EventType "tourn"]
[EventRounds "5"]
[EventCountry "CAN"]

1. e4 c5 2. Nf3 Nc6 3. d4 cxd4 4. Nxd4 Nf6 5. Nc3 e5 6. Ndb5 d6 7. Bg5 a6 8.
Na3 b5 9. Bxf6 gxf6 10. Nd5 f5 11. c3 Be6 12. exf5 Bxf5 13. Qf3 Bd7 14. Nf6+
Ke7 15. Nd5+ Ke8 16. Nf6+ Ke7 17. O-O-O Rc8 18. Kb1 Be6 19. Ne4 Ke8 20. Bxb5
axb5 21. Nxb5 Bxa2+ 22. Kxa2 Qa5+ 23. Na3 Na7 24. Nf6+ Ke7 25. Rd5 Qa6 26. Rhd1
Rc6 27. Qf5 Qc8 28. Rxe5+ dxe5 29. Rd7+ Qxd7 30. Nxd7 f6 31. Nxf6 Rxf6 32.
Qxe5+ Kf7 33. Qc7+ Be7 34. Qxa7 Rd8 35. Nc4 Rd5 36. g3 Rc5 37. Kb3 Rxf2 38.
Nd6+ Ke6 39. Qxc5 1-0

[Event "Mercredi 2016.02.17 ABCD"]
[Site "Montreal CAN"]
[Date "2016.03.09"]
[Round "4"]
[White "Dumouchel, Alain"]
[Black "Gauthier, Luc"]
[Result "0-1"]
[WhiteElo "1769"]
[BlackElo "1759"]
[PlyCount "50"]
[EventDate "2016.02.17"]
[EventType "tourn"]
[EventRounds "5"]
[EventCountry "CAN"]

1. e4 Nf6 2. e5 Nd5 3. d4 d6 4. c4 Nb6 5. exd6 exd6 6. Nc3 Nc6 7. d5 Ne5 8. f4
Ng4 9. Nf3 Be7 10. Bd3 O-O 11. O-O Re8 12. Nd4 Bf6 13. Nc2 Bxc3 14. bxc3 Na4
15. Qd2 Nc5 16. h3 Nf6 17. Nd4 Nfe4 18. Qc2 Nxd3 19. Qxd3 Qh4 20. f5 Qg3 21.
Be3 Nc5 22. Qd2 Qxe3+ 23. Qxe3 Rxe3 24. Nb5 Bd7 25. Nxc7 Rc8 0-1

[Event "Mercredi 2016.02.17 ABCD"]
[Site "Montreal CAN"]
[Date "2016.03.09"]
[Round "4"]
[White "Gates, Claude-Eric"]
[Black "Baran, Marius"]
[Result "1-0"]
[WhiteElo "1772"]
[BlackElo "1719"]
[PlyCount "60"]
[EventDate "2016.02.17"]
[EventType "tourn"]
[EventRounds "5"]
[EventCountry "CAN"]

1. e4 e5 2. Nf3 Nf6 3. Nc3 Nc6 4. d4 exd4 5. Nxd4 Be7 6. Nxc6 dxc6 7. Bd3 Bg4
8. f3 Bh5 9. Be3 Qd7 10. O-O O-O-O 11. Qe2 Kb8 12. Qf2 a6 13. a4 Qc8 14. a5 Nd7
15. Na4 Bd6 16. Nc5 Nxc5 17. Bxc5 f6 18. Ra4 Rhe8 19. Rb4 Bxc5 20. Qxc5 Re5 21.
Qxc6 Rd6 22. Qc3 Bf7 23. f4 Rxa5 24. e5 Rc6 25. Qxc6 Bd5 26. Qc3 Qg4 27. Be4
Qe2 28. Re1 Ra1 29. Rxa1 Bxe4 30. Rxe4 Qxe4 1-0

[Event "Mercredi 2016.02.17 ABCD"]
[Site "Montreal CAN"]
[Date "2016.03.09"]
[Round "4"]
[White "Jacquet, Stephane"]
[Black "Lopez Linares, Lizandro"]
[Result "1/2-1/2"]
[WhiteElo "2060"]
[BlackElo "2218"]
[PlyCount "82"]
[EventDate "2016.02.17"]
[EventType "tourn"]
[EventRounds "5"]
[EventCountry "CAN"]

1. d4 d5 2. c4 c6 3. Nc3 Nf6 4. Nf3 dxc4 5. a4 Bf5 6. e3 e6 7. Bxc4 Bb4 8. O-O
O-O 9. Qe2 Bg4 10. h3 Bh5 11. Rd1 Nbd7 12. e4 Bg6 13. Bg5 Be7 14. e5 Nd5 15.
Bxe7 Qxe7 16. Ne4 Qb4 17. Bxd5 cxd5 18. Nd6 a6 19. a5 b6 20. Qd2 bxa5 21. Rxa5
Qxd2 22. Nxd2 Rfb8 23. b3 Rb4 24. Rc1 Rxd4 25. Rc7 Nxe5 26. Rxa6 Rf8 27. Nf3
Nxf3+ 28. gxf3 Rb4 29. Rb7 Rxb7 30. Nxb7 Rb8 31. b4 h5 32. Ra7 Bd3 33. h4 Kh7
34. Nc5 Bg6 35. Rb7 Rc8 36. f4 d4 37. Kf1 d3 38. Ke1 Ra8 39. Rd7 Ra1+ 40. Kd2
Rb1 41. Kc3 Bf5 1/2-1/2

[Event "Mercredi 2016.02.17 ABCD"]
[Site "Montreal CAN"]
[Date "2016.03.09"]
[Round "4"]
[White "Millette, Sylvain"]
[Black "Lessard, Sylvain"]
[Result "0-1"]
[WhiteElo "1776"]
[BlackElo "1785"]
[PlyCount "84"]
[EventDate "2016.02.17"]
[EventType "tourn"]
[EventRounds "5"]
[EventCountry "CAN"]

1. e4 Nf6 2. e5 Nd5 3. c4 Nb6 4. c5 Nd5 5. Nc3 Nxc3 6. bxc3 d6 7. cxd6 exd6 8.
exd6 Bxd6 9. Nf3 O-O 10. Be2 c5 11. O-O Nc6 12. d4 b6 13. Ng5 Qc7 14. Bc4 Bxh2+
15. Kh1 Bf5 16. Nxf7 Rxf7 17. Bxf7+ Kh8 18. Bd5 Bd6 19. Qf3 Bd7 20. Re1 Rf8 21.
Qe2 Qd8 22. Be6 Qh4+ 23. Bh3 Bxh3 24. g3 Qg4 25. Qxg4 Bxg4 26. dxc5 Bxc5 27. f4
h6 28. Be3 Be7 29. Kg2 Bf6 30. Rac1 Na5 31. Bd4 Nc4 32. Bxf6 Rxf6 33. Re7 Rd6
34. Rce1 a5 35. Rc7 Rd2+ 36. Kg1 Nd6 37. Ree7 Nf5 38. Re8+ Kh7 39. Rcc8 Bf3 40.
Rh8+ Kg6 41. Rb8 Rg2+ 42. Kf1 Ne3+ 0-1

[Event "Mercredi 2016.02.17 ABCD"]
[Site "Montreal CAN"]
[Date "2016.03.09"]
[Round "4"]
[White "Nardone, Raul"]
[Black "Zumsteg, Nicolas"]
[Result "1-0"]
[WhiteElo "1815"]
[BlackElo "1800"]
[PlyCount "97"]
[EventDate "2016.02.17"]
[EventType "tourn"]
[EventRounds "5"]
[EventCountry "CAN"]

1. e4 c5 2. Nf3 g6 3. c3 Bg7 4. d4 cxd4 5. cxd4 d5 6. e5 Nc6 7. Nc3 a6 8. h3 e6
9. Be2 Nge7 10. O-O O-O 11. Bg5 f6 12. exf6 Bxf6 13. Bxf6 Rxf6 14. Qd2 Nf5 15.
Rfd1 Bd7 16. Rab1 b5 17. b3 Nd6 18. Ne5 b4 19. Na4 Nxe5 20. dxe5 Ne4 21. Qxb4
Rxf2 22. Bf1 Rxa2 23. Qd4 Bxa4 24. bxa4 Qa5 25. Qb6 Qc5+ 26. Qxc5 Nxc5 27. Rdc1
Nd7 28. Rc6 Nxe5 29. Rxe6 Nc4 30. Rb7 Rb2 31. Rc7 Rb6 32. Bxc4 Rxe6 33. Bxd5
Rae8 34. Rc6 Kf7 35. Rxa6 Kf6 36. Rxe6+ Rxe6 37. Bxe6 Kxe6 38. Kf2 Kd5 39. Ke3
Kc4 40. Ke4 Kb4 41. Ke5 Kxa4 42. Kf6 Kb5 43. Kg7 h5 44. Kxg6 h4 45. Kg5 Kc6 46.
Kxh4 Kd7 47. Kg5 Ke7 48. Kg6 Kf8 49. h4 1-0

[Event "Mercredi 2016.02.17 ABCD"]
[Site "Montreal CAN"]
[Date "2016.03.09"]
[Round "4"]
[White "Nesterov, Timour"]
[Black "Jean, Robert"]
[Result "0-1"]
[WhiteElo "1715"]
[BlackElo "1715"]
[PlyCount "90"]
[EventDate "2016.02.17"]
[EventType "tourn"]
[EventRounds "5"]
[EventCountry "CAN"]

1. e4 c5 2. Nf3 Nc6 3. d4 cxd4 4. Nxd4 Nf6 5. Nc3 d6 6. f3 a6 7. a3 e6 8. Bc4
Be7 9. Ba2 Qc7 10. Qd3 Ne5 11. Qe2 Nc6 12. Be3 b5 13. O-O O-O 14. Kh1 Nxd4 15.
Bxd4 e5 16. Bf2 Be6 17. Rad1 Bxa2 18. Nxa2 Rac8 19. c3 Qc4 20. Qxc4 Rxc4 21.
Nb4 a5 22. Nc2 Rc6 23. Ne3 Rd8 24. Rd3 Kf8 25. Nf5 g6 26. Nxe7 Kxe7 27. Bh4 h6
28. Rfd1 g5 29. Bg3 Ke6 30. Kg1 Rd7 31. Kf2 Rc8 32. Ke2 Rcd8 33. a4 bxa4 34.
Ra1 Rb8 35. Rd2 d5 36. exd5+ Rxd5 37. Rc2 Rdb5 38. Rxa4 Rxb2 39. Kd1 Nd5 40.
Kc1 Rb1+ 41. Kd2 Rg1 42. Kd3 Rd8 43. Ke2 Rxg2+ 44. Bf2 Nf4+ 45. Ke3 Rd3+ 0-1

[Event "Mercredi 2016.02.17 ABCD"]
[Site "Montreal CAN"]
[Date "2016.03.09"]
[Round "4"]
[White "Nunez, Omar"]
[Black "Langlois-Remillard, Alexis"]
[Result "1-0"]
[WhiteElo "1945"]
[BlackElo "1891"]
[PlyCount "49"]
[EventDate "2016.02.17"]
[EventType "tourn"]
[EventRounds "5"]
[EventCountry "CAN"]

1. f4 d5 2. e3 Nf6 3. b4 e6 4. a3 c5 5. bxc5 Bxc5 6. Nf3 Nc6 7. Bd3 Qc7 8. Bb2
Qb6 9. Bxf6 gxf6 10. Nc3 Qa5 11. Qe2 d4 12. exd4 Nxd4 13. Qe4 e5 14. fxe5 Bf5
15. Qf4 Nxf3+ 16. Qxf3 Bxd3 17. cxd3 fxe5 18. Ke2 Bd4 19. Rhf1 Bxc3 20. Qxf7+
Kd8 21. Qf6+ Kd7 22. Qg7+ Kd6 23. Rf6+ Kc5 24. Qe7+ Kb5 25. a4+ 1-0

[Event "Mercredi 2016.02.17 ABCD"]
[Site "Montreal CAN"]
[Date "2016.03.09"]
[Round "4"]
[White "Tremblay, Alain"]
[Black "Gelet, Seymour"]
[Result "1-0"]
[WhiteElo "2177"]
[BlackElo "2066"]
[PlyCount "93"]
[EventDate "2016.02.17"]
[EventType "tourn"]
[EventRounds "5"]
[EventCountry "CAN"]

1. Nf3 d5 2. c4 e6 3. g3 Nf6 4. Bg2 c6 5. b3 Bd6 6. Bb2 Nbd7 7. Nc3 O-O 8. Qc2
b6 9. cxd5 cxd5 10. Nb5 Bc5 11. O-O Bb7 12. Rac1 Rc8 13. Qb1 a6 14. Nbd4 e5 15.
Nf5 d4 16. b4 Be4 17. d3 Bxf5 18. bxc5 bxc5 19. Qc2 c4 20. Nh4 Be6 21. dxc4
Rxc4 22. Qd2 Nb6 23. Qa5 Rxc1 24. Bxc1 Qd6 25. Ba3 Nc4 26. Bxd6 Nxa5 27. Bxf8
Kxf8 28. Rb1 e4 29. Bf1 Nd5 30. Ng2 g5 31. Ne1 Nc3 32. Rb8+ Kg7 33. Nc2 Nxe2+
34. Bxe2 d3 35. Nd4 dxe2 36. Nxe2 Nc6 37. Rb6 Ne5 38. Nd4 Bh3 39. Rxa6 h6 40.
a4 f5 41. a5 f4 42. gxf4 gxf4 43. Ne6+ Kf7 44. Nxf4 Nf3+ 45. Kh1 Bc8 46. Rxh6
Kg7 47. Rc6 1-0

[Event "Mercredi 2016.02.17 ABCD"]
[Site "Montreal CAN"]
[Date "2016.03.16"]
[Round "5"]
[White "Barko, Maxim"]
[Black "Nunez, Omar"]
[Result "1-0"]
[WhiteElo "1839"]
[BlackElo "1945"]
[PlyCount "39"]
[EventDate "2016.02.17"]
[EventType "tourn"]
[EventRounds "5"]
[EventCountry "CAN"]

1. e4 d5 2. exd5 Qxd5 3. Nc3 Qa5 4. d4 Nf6 5. Nf3 Nc6 6. Bd2 a6 7. Bc4 Qh5 8.
O-O Bg4 9. Be2 O-O-O 10. h3 Bxh3 11. gxh3 Qxh3 12. Ng5 Qh4 13. Kg2 Qxd4 14.
Nxf7 Qxd2 15. Qxd2 Rxd2 16. Nxh8 e6 17. Bd3 Ng4 18. Kg3 h5 19. Ne4 Bd6+ 20. Kh3
1-0

[Event "Mercredi 2016.02.17 ABCD"]
[Site "Montreal CAN"]
[Date "2016.03.16"]
[Round "5"]
[White "Blanchet, Robert"]
[Black "Millette, Sylvain"]
[Result "1-0"]
[WhiteElo "1805"]
[BlackElo "1776"]
[PlyCount "47"]
[EventDate "2016.02.17"]
[EventType "tourn"]
[EventRounds "5"]
[EventCountry "CAN"]

1. e4 Nf6 2. Nc3 d5 3. exd5 Nxd5 4. Qf3 c6 5. Bc4 Be6 6. Nge2 Qd7 7. O-O g6 8.
Ne4 Bg4 9. Qg3 b6 10. f3 Be6 11. Ng5 Bg7 12. c3 O-O 13. Re1 h6 14. Nxe6 Qxe6
15. d4 Qd6 16. Qxd6 exd6 17. Bxd5 cxd5 18. Nf4 Nc6 19. Nxd5 Rfe8 20. Bf4 Rxe1+
21. Rxe1 g5 22. Bg3 Rd8 23. Ne7+ Nxe7 24. Rxe7 1-0

[Event "Mercredi 2016.02.17 ABCD"]
[Site "Montreal CAN"]
[Date "2016.03.16"]
[Round "5"]
[White "Boudreau, Daniel"]
[Black "Tremblay, Alain"]
[Result "1-0"]
[WhiteElo "2119"]
[BlackElo "2177"]
[PlyCount "91"]
[EventDate "2016.02.17"]
[EventType "tourn"]
[EventRounds "5"]
[EventCountry "CAN"]

1. e4 c6 2. d4 d5 3. exd5 cxd5 4. c4 Nf6 5. Nc3 e6 6. Nf3 Bb4 7. Bg5 Qa5 8. Bd2
Qd8 9. c5 O-O 10. a3 Bxc3 11. Bxc3 Ne4 12. Rc1 b6 13. b4 bxc5 14. dxc5 Nxc3 15.
Rxc3 Nc6 16. Bb5 Qf6 17. Re3 Bd7 18. O-O a5 19. Bxc6 Bxc6 20. Ne5 Bb5 21. Rfe1
axb4 22. axb4 Ra2 23. Rf3 Qg5 24. Qb1 Ra7 25. Rh3 h6 26. Rg3 Qh5 27. Ng4 Kh8
28. Qb2 f6 29. Rxe6 Bd7 30. Re7 Rfa8 31. h3 Ra1+ 32. Kh2 Bxg4 33. Rxg4 R1a2 34.
Qd4 Rg8 35. c6 Rc2 36. b5 Rc4 37. Qd1 Qf5 38. Qf3 Qc8 39. Qxd5 Rxg4 40. hxg4
Qxg4 41. Rd7 Qf4+ 42. Kg1 Qc1+ 43. Qd1 Qc5 44. Qb1 Rc8 45. c7 Qb6 46. Qd3 1-0